| 000 | 00642nam a22001577a 4500 | ||
|---|---|---|---|
| 003 | OSt | ||
| 005 | 20150913102027.0 | ||
| 008 | 150913b xxu||||| |||| 00| 0 eng d | ||
| 040 | _cRUA | ||
| 082 | _aAGR ព្រំ 1996 B016 Or.1 | ||
| 100 |
_9371 _aព្រំ សារិទ្ធ |
||
| 245 | _akiw dok2 yard long bean experiment at kbal koh vegetable research station ការពិសោធន៏ពូជសណ្តែកទ្រើង KIW DOK2 នៅស្ថានីយ៏ពិសោធន៏ពូជបន្លែក្បាលកោះ | ||
| 260 |
_aPhnom Penh _bRUA _c1996 |
||
| 300 |
_a62p. _bill. _c29cm. |
||
| 942 |
_2ddc _cAGR |
||
| 999 |
_c352 _d352 |
||